| 000 | 00668cam a22002171 4500 | ||
|---|---|---|---|
| 001 | ca 36000085 | ||
| 003 | DLC | ||
| 005 | 20260227111139.0 | ||
| 008 | 811005s1936 mau 000 0 eng | ||
| 010 | _aca 36000085 | ||
| 035 | _a(OCoLC)7817992 | ||
| 040 |
_aDLC _cInU _dOCoLC _dDLC |
||
| 042 | _apremarc | ||
| 050 | 0 | 0 |
_aPS3513.E563 _bM7 1936 |
| 082 | _a812.5 | ||
| 100 | 1 |
_aGeorge, Charles, _d1893-1960. |
|
| 245 | 1 | 0 |
_aMurder in the Ferris-wheel; _ba murder-mystery play in one act, _cby Charles George. |
| 260 |
_aBoston, Mass., _aLos Angeles, Cal. _b[Walter H. Baker company, _cc1936] |
||
| 300 |
_a31 p. _bdiagr. _c19 cm. |
||
| 490 | 0 | _aBaker's plays for amateurs | |
| 999 |
_c17970 _d17970 |
||